Terms of Trade Shocks and Economic Recovery /

This paper identifies factors that contribute to a fast recovery in growth after persistent negative terms of trade shocks, using a sample of 159 countries for 1970-2006. The results suggest that policies matter. Fast recoveries are fairly robustly related to real exchange rate depreciation and impr...

Mô tả đầy đủ

Chi tiết về thư mục
Tác giả chính: Imam, Patrick
Tác giả khác: Funke, Norbert, Granziera, Eleonara
Định dạng: Tạp chí
Ngôn ngữ:English
Được phát hành: Washington, D.C. : International Monetary Fund, 2008.
Loạt:IMF Working Papers; Working Paper ; No. 2008/036
Truy cập trực tuyến:Full text available on IMF
LEADER 01541cas a2200265 a 4500
001 AALejournalIMF009827
008 230101c9999 xx r poo 0 0eng d
020 |c 5.00 USD 
020 |z 9781451868982 
022 |a 1018-5941 
040 |a BD-DhAAL  |c BD-DhAAL 
100 1 |a Imam, Patrick. 
245 1 0 |a Terms of Trade Shocks and Economic Recovery /  |c Patrick Imam, Eleonara Granziera, Norbert Funke. 
264 1 |a Washington, D.C. :  |b International Monetary Fund,  |c 2008. 
300 |a 1 online resource (23 pages) 
490 1 |a IMF Working Papers 
500 |a <strong>Off-Campus Access:</strong> No User ID or Password Required 
500 |a <strong>On-Campus Access:</strong> No User ID or Password Required 
506 |a Electronic access restricted to authorized BRAC University faculty, staff and students 
520 3 |a This paper identifies factors that contribute to a fast recovery in growth after persistent negative terms of trade shocks, using a sample of 159 countries for 1970-2006. The results suggest that policies matter. Fast recoveries are fairly robustly related to real exchange rate depreciation and improvements in government stability and the institutional environment. A timely increase in aid may also support recovery. 
538 |a Mode of access: Internet 
700 1 |a Funke, Norbert. 
700 1 |a Granziera, Eleonara. 
830 0 |a IMF Working Papers; Working Paper ;  |v No. 2008/036 
856 4 0 |z Full text available on IMF  |u http://elibrary.imf.org/view/journals/001/2008/036/001.2008.issue-036-en.xml  |z IMF e-Library